Anime isekai aléatoire (téléporté dans un autre monde) - Statistiques

Statistiques générales
  • Ce quiz a été pris 37 fois
  • Le résultat moyen est 9 sur 16
Statistiques - réponses
Par images Réponse % Correct
Re:zero
96%
Overlord
93%
No Game No Life
89%
Tensei shitara Slime datta ken
89%
Konosuba
85%
Mushoku Tensei
81%
Tate no Yūsha no Nariagari
74%
Log Horizon
56%
Kage no Jitsuryokusha ni Naritakute!
52%
Arifureta shokugyō de sekai saikyō
48%
Isekai Quartet
44%
Kono Yūsha ga Ore Tsuē Kuse ni Shinchō Sugiru
30%
Youjo Senki
30%
Kumo Desu ga, Nanika?
22%
Drifters
19%
Jidōhanbaiki ni Umarekawatta Ore wa Meikyū o Samayō
15%
Aucun quiz correspondant
Distribution des résultats
% des personnes avec chaque résultat
Percentile par nombre de réponses
Votre historique - résultats
Vous n’avez pas pris ce quiz